Central Library OPAC University of Rajshahi

Environmental impact Assessment of the flood control measures in the chalan beel - A comparative study between kalam and Dahia Union / (Record no. 83530)

MARC details
000 -LEADER
fixed length control field 01126nam a22002537a 4500
001 - CONTROL NUMBER
RUCL Control Number 83530
003 - CONTROL NUMBER IDENTIFIER
rucl marc code BD-RjUL
005 - DATE AND TIME OF LATEST TRANSACTION
control field 20240417174045.0
008 - FIXED-LENGTH DATA ELEMENTS--GENERAL INFORMATION
fixed length control field 240417s2008 bg a|||| m||| 00| 0 eng d
035 ## - SYSTEM CONTROL NUMBER
system control number (BD-RjUL)83530
040 ## - CATALOGING SOURCE
Original cataloging agency BD-RjUL
Language of cataloging eng
Transcribing agency BD-RjUL
Modifying agency BD-RjUL
041 ## - LANGUAGE CODE
Language code of Book eng
082 ## - DEWEY DECIMAL CLASSIFICATION NUMBER
DDC Edition number 23
Classification number 363.34936
Author mark and Year HOE 2008
100 ## - MAIN ENTRY--PERSONAL NAME
Personal name Hossain, Md. Aktar
9 (RLIN) 12613
245 10 - TITLE STATEMENT
Title Environmental impact Assessment of the flood control measures in the chalan beel - A comparative study between kalam and Dahia Union /
Statement of responsibility, etc By Md. Aktar Hossain ;
Name of Supervisor/Co-Supervisor Supervisor : K B M. Mahbubur Rahman, Co-Supervisor : Mamunul, Haque Khan
260 ## - PUBLICATION, DISTRIBUTION, ETC. (IMPRINT)
Place of publication, distribution, etc Rajshahi :
Name of publisher, distributor, etc Institute of Environmental Science, University of Rajshahi,
Date of publication, distribution, etc 2008
300 ## - PHYSICAL DESCRIPTION
Pagination xvii, 120 leaves :
Other physical details ill, ;
Dimensions 29.cm.
502 ## - DISSERTATION NOTE
Dissertation note Thesis (M. Phil.) -- Institute of Environmental Science, University of Rajshahi, 2008
504 ## - BIBLIOGRAPHY, ETC. NOTE
Bibliography, etc References and Bibliography : Leaves 104 - 114
650 ## - SUBJECT ADDED ENTRY--TOPICAL TERM
Topical term or geographic name as entry element Control
Form subdivision Other social problems and services
9 (RLIN) 12614
700 ## - ADDED ENTRY--SUPERVISOR/CO-SUPERVISOR NAME
Personal name Rahman, K B M. Mahbubur, Supervisor
9 (RLIN) 1982
Personal name Khan, Mamunul, Haque, Co-Supervisor
9 (RLIN) 12615
942 ## - ADDED ENTRY ELEMENTS (KOHA)
Source of classification or shelving scheme Dewey Decimal Classification
Koha item type Theses
Holdings
Source of classification or shelving scheme Damaged status Not for loan Collection code Permanent Location Current Location Shelving location Date of accession Source of acquisition Total Checkouts Full call number Barcode Date last seen Copy number Thesis
Dewey Decimal Classification   Not For Loan Theses Central Library, University of Rajshahi Central Library, University of Rajshahi Documentation Section 08/06/2010 Controller of Exam. R. U.   THE 363.34936 HOE 2008 D3088 17/04/2024 C-1 Theses